000 00676cam a22002174a 4500
020 _a1559636092 (cloth : alk. paper)
040 _cDLC
082 0 0 _a363 LSL 2001 A064 Or.
100 1 _aOfiara, Douglas D.
245 1 0 _aEconomic losses from marine pollution :
_ba handbook for assessment /
260 _aWashington, DC :
_bIsland Press,
_cc2001.
300 _axv, 388 p. :
_bill. ;
_c26 cm.
650 0 _aWater
650 0 _aMarine pollution
650 0 _aWater quality
650 0 _aWelfare economics.
650 0 _aEnvironmental economics.
700 1 _aSeneca, Joseph J.,
856 4 2 _uhttp://www.loc.gov/catdir/enhancements/fy0666/00012385-d.html
942 _cEK
999 _c14070
_d14070